Science Quiz

Random Science or Math Quiz

1-100 (Product of Digits) Quiz Stats

Quiz Updated Sep 2, 2014

Challenge
Share
Tweet
Embed
Score 0/100 Timer 05:00
2 Plays Today
Product Number % Correct
11
97%
010
96.8%
020
95.1%
22
95.1%
030
95%
040
94.9%
050
94.9%
060
94.8%
070
94.7%
080
94.7%
090
94.6%
0100
94.1%
111
93.5%
212
91.8%
33
91.8%
44
91%
221
90.6%
313
90.4%
331
90%
414
89.9%
55
89.9%
66
89.7%
77
89%
515
88.9%
422
88.9%
441
88.8%
88
88.8%
616
88.7%
99
88.5%
551
88.5%
717
88.2%
623
88.1%
661
88.1%
818
88.1%
Product Number % Correct
632
88%
771
87.9%
919
87.8%
881
87.6%
824
87.6%
842
87.5%
991
87.4%
933
86.9%
1025
86.7%
1052
86.4%
1226
86%
1262
85.5%
1234
85.5%
1243
85.4%
1427
85.3%
1472
85.1%
1535
85%
1553
84.9%
1628
84.7%
1682
84.2%
1644
84.1%
1829
84.1%
1892
83.4%
1836
83.1%
1863
83%
2045
82.3%
2054
82.2%
2137
82.1%
2173
81.9%
2438
80.3%
2446
79.9%
2464
79.9%
2555
79.9%
2483
79.7%
Product Number % Correct
2739
78.9%
2793
78.8%
2847
77.3%
2874
77.1%
3056
76.7%
3065
76.6%
3248
75.5%
3284
75.3%
3557
75.2%
3575
75.1%
3666
72.6%
3649
72.3%
3694
71.5%
4058
71.2%
4085
70.9%
4267
69.4%
4276
69.3%
4559
69.1%
4595
68.9%
4977
67.4%
4868
67.1%
4886
67%
5469
65%
5496
64.8%
8199
64.2%
5678
63.9%
5687
63.8%
6488
63.4%
6379
63.4%
6397
63.3%
7289
62.6%
7298
62.5%

You're not logged in!

Compare scores with friends on all Sporcle quizzes.
Join for Free
OR
Log In

You Might Also Like...

Show Comments

Extras

Top Quizzes Today


Score Distribution

Your Account Isn't Verified!

In order to create a playlist on Sporcle, you need to verify the email address you used during registration. Go to your Sporcle Settings to finish the process.

Report this User

Report this user for behavior that violates our Community Guidelines.

Details: